La preparación fisíca

Uloženo v:
Podrobná bibliografie
Hlavní autor: Platonov, Vladimir Nikolaievich (autor)
Médium: Kniha
Jazyk:španělština
Vydáno: Barcelona Paidotribo 1993
Edice:Colección deporte y entrenamiento
Témata:
Tagy: Přidat tag
Žádné tagy, Buďte první, kdo vytvoří štítek k tomuto záznamu!

MARC

LEADER 00000nam a2200000 a 4500
001 UCY5468
003 CL-VaPUC
008 950508e19930000SP |||||||||||||||||spa|d
082 0 4 |a 613.71  |b NIK  |2 21 
100 |a Platonov, Vladimir Nikolaievich  |e autor  |9 430552 
245 1 3 |a La preparación fisíca 
300 |a 407 p 
942 |c BK 
945 |d 19950508 00:00:00  |a rbrito 
260 |a Barcelona  |b Paidotribo  |c 1993 
650 7 |a ENTRENAMIENTO ATLETICO  |2 CL-VaPUC  |9 334272 
650 0 |a Desarrollo físico  |9 334273 
650 0 |a Educación física  |9 240893 
650 0 |a Salud física  |9 334274 
583 |a last modification  |c 19950508 00:00:00  |k Rodrigo Vera 
490 0 |a Colección deporte y entrenamiento 
999 |c 233127  |d 233125 
952 |0 0  |1 0  |4 0  |6 613_710000000000000_NIK_1993  |7 0  |8 A  |9 238340  |a BIBEDU  |b BIBEDU  |d 2019-11-18  |i 3082989  |o 613.71 NIK 1993  |p 3082989  |r 2019-11-18  |w 2019-11-18  |y BK  |k EFI